000 01274nam a2200349Ia 4500
001 Z_7062
003 CHAP
005 20230125193930.0
008 220113s2017 xx 000 0 und d
010 _a170335
040 _cCHAP
090 _aTesis V37 2630
100 _aVargas Ortiz, Mariana
_9132788
245 _aRendimiento de materia seca y composición botánica de la asociación cereal-ebo en temporal , Hueyotlipan, Tlaxcala /
_cMariana Vargas Ortiz
260 _aMéxico :
_bEl autor,
_c2017
300 _aCD
502 _aTesis (Ingeniero Agrónomo Especialista en Zootecnia) -- UACh, 2017 \ Dirección: José Luis Zaragoza Ramírez; asesoría: Pedro Arturo Martínez Hernández y Melitón Córdoba Alvarez
650 _aCereal
_9143305
650 _aComponente botánico
_9146659
650 _aEbo
_9146660
650 _aMateria seca
_972933
650 _aRendimiento
_9143245
700 _a Córdoba Alvarez, Melitón, asesor
_9138996
700 _a Martínez Hernández, Pedro Arturo, asesor
_9137925
700 _aZaragoza Ramírez, José Luis, director
_9143310
856 4 2 _uhttp://10.13.5.2/tesis/sist113477.pdf
_yDescargar PDF
901 _aTESIS V37 2630
902 _aM
910 _a2017
942 _c2
_2ddc
942 _c2
_2ddc
999 _c170335
_d170335